| 000 | 00793 a2200229 4500 | ||
|---|---|---|---|
| 010 | _aENG-88776 | ||
| 020 |
_a9780070223639 _c299.00 |
||
| 035 | _aEN-72309 | ||
| 037 | _bDBAD / PUB | ||
| 082 | _a658.3124 | ||
| 090 |
_c9347 _d9347 |
||
| 100 | 1 | _aKroehnert, Gary | |
| 245 | 1 |
_a102 extra training games / _cby Gary Kroehnert |
|
| 246 | _aOne hundred and two extra training games | ||
| 260 |
_aNew Delhi _bTata McGraw-Hill Publishing _c2008 |
||
| 300 |
_a197p.: _c28cm (pbk ) |
||
| 500 | _aIncludes bibliographical references | ||
| 650 |
_aManagement games _xStudy and teaching |
||
| 650 |
_aManagement games _xStudy and teaching _zAustralia |
||
| 942 |
_adpl _cEN _k658.3124 / KRO |
||
| 999 |
_c9177 _d9177 |
||